2017/18 Top 5 Premier League CAM - Statistics

General Stats
  • This quiz has been taken 17 times
  • The average score is 3 of 5
Answer Stats
Rank Player % Correct
1 Mesut Ozil
100%
2 Delle Alli
87%
4 Cesc Fabregas
60%
5 Son Heun-Ming
20%
3 Gylfi Sigurdsson
13%
No matching quizzes found
Score Distribution
Percent of People with Each Score
Percentile by Number Answered
Your Score History
You have not taken this quiz